000 00739nam a2200253 i 4500
001 bgj
245 1 0 _aHandbuch der Historischen Stätten Deutschlands.
_chrsg. von Ludwig Petry.
_nBd. 5,
_pRheinland-Pfalz und Saarland /
250 _a3. neubearb. Aufl.
260 _aStuttgart :
_bAlfred Kröner Verlag,
_ccop. 1988.
300 _aXLIII, 523 s. :
_bmapy ;
_c18 cm.
490 1 _aKröners Taschenausgabe
_vBand 275
504 _aIndeks.
651 9 _aNiemcy
_xhistoria
700 1 _aPETRY, Ludwig.
830 _aKröners Taschenausgabe
020 _a3520275031
040 _cBPK
041 0 _ager
044 _aDEU
080 _a94(430)
920 _a3-520-27503-1
942 _cKS
008 s gw f |000 0 ger
999 _c49986
_d49986
856 _uhttp://koha.tu.koszalin.pl/cgi-bin/koha/opac-detail.pl?biblionumber=49986
_yKatalog online BPK